| 000 | 01047nam a22002177a 4500 | ||
|---|---|---|---|
| 005 | 20250717155403.0 | ||
| 008 | 250717b |||||||| |||| 00| 0 eng d | ||
| 020 | _a978-81-949092-0-0 (pbk) | ||
| 037 | _cTB | ||
| 040 |
_aCRL _cCRL |
||
| 041 |
_2hin _ahin |
||
| 084 |
_aO152,1NRAx R0 _qCRL |
||
| 100 |
_aदुबे, रामेश्वर प्रसाद _9815925 |
||
| 245 |
_aवंदे भारतम: _bभारतीय संस्कृति से जुड़ी उत्कृष्ट कविताएं |
||
| 260 |
_aनई दिल्ली, भारत: _bअनुराधा प्रकाशन, _c2020. |
||
| 300 | _a128पृ. | ||
| 650 | _aहिन्दी साहित्य | ||
| 650 | _aहिन्दी कविता | ||
| 942 |
_2CC _cTB _hO152,1NRAx R0 _n0 |
||
| 999 |
_c1433744 _d1433744 |
||